000 00486nam a2200169Ia 4500
008 090711s9999 xx 000 0 und d
082 _b580
100 _aशिरवळकर सुहास
245 _aथरारक
260 _bशशिदीप प्रकाशन
300 _a252
600 _aशिरवळकर सुहास
630 _aथरारक
700 _aशिरवळकर सुहास
730 _aथरारक
942 _cBOOK
999 _c324079
_d324079